| 000 | 00355nam a2200145Ia 4500 | ||
|---|---|---|---|
| 005 | 20250617012239.0 | ||
| 008 | 240331s9999 xx 000 0 und d | ||
| 082 |
_bGAN _a305 |
||
| 100 | _aGaneshalingham, S | ||
| 245 | 0 | _aKanthawa nivahal kirimata nam | |
| 260 |
_aColombo _bKumaran Publishers _c1991 |
||
| 300 | _a108 p ., | ||
| 650 | _aWomen | ||
| 942 | _cL | ||
| 999 |
_c1909 _d1909 |
||